header

The psychoanalytic therapy of severe disturbance (Record no. 86672)

MARC details
000 -LEADER
fixed length control field 01102nam a2200289 a 4500
245 04 - TITLE STATEMENT
Title The psychoanalytic therapy of severe disturbance
260 ## - PUBLICATION, DISTRIBUTION, ETC. (IMPRINT)
Place of publication London :
Name of publisher Karnac,
Year of publication 2010.
300 ## - PHYSICAL DESCRIPTION
Number of Pages xviii, 250 p.
490 1# - SERIES STATEMENT
Series statement Psychoanalytic ideas
650 #0 - SUBJECT ADDED ENTRY--TOPICAL TERM
Topical Term Psychoanalysis.
700 1# - ADDED ENTRY--PERSONAL NAME
Personal name Williams, Paul.
856 40 - ELECTRONIC LOCATION AND ACCESS
Uniform Resource Identifier http://site.ebrary.com/lib/rucke/Doc?id=10415419

No items available.

© 2026 Rongo University
Contact us: librarian | system librarian | Rongo university